Statistiques concernant Centre Pompidou

Cliquez ici pour prendre le quiz!

Statistiques générales

  • Ce quiz a été pris 23 fois
  • Le résultat moyen est 7 sur 22

Statistiques - réponses

QuestionsRéponses% Correct
Prénom du Président de la République à l'origine du projet (1969)Georges
90%
année de son inauguration1977
76%
année de commencement des travaux1971
71%
Quelle est la couleur des ascenseurs et escalators du centrerouge
71%
on appelle souvent le centre du nom du quartier sur lequel il a été érigéBeaubourg
67%
Quelle est la couleur des conduites d'air climatisé du centrebleu
67%
jour de fermeture du centremardi
67%
Quelle est la couleur des gaines électriques du centrejaune
62%
Quel Président de la V République a inauguré le CentreValéry Giscard d'Estaing
43%
ville où a été construit un autre centre Pompidou en 2010Metz
38%
Dans quelle ville espagnole trouve-t-on une annexe du centre PompidouMalaga
10%
qu'y avait-il à l'emplacement où fut construit le centreparking
10%
Quelle est la couleur des tuyaux d'eau du Centreverte
10%
Personnage de Bd qui vient de fêter ses 60 ans au centreGaston Lagaffe
5%
nom donné à la plateforme vitrée au 6° étage du centrebelvédère
0%
nom donné à l'escalier mécanique accroché à la facade coté du parvischenille
0%
Quel autre nom donne-t-on à la fontaine Stravinski située devant le centrefontaine des automates
0%
nationalités des deux architectes du centreitalienne - anglaise
0%
sobriquetLa raffinerie de pétrole
0%
sobriquetNotre Dame des tuyaux
0%
à quoi ressemble son architecture vu de l'extérieurpaquebot
0%
les quatre couleurs du centrerouge, vert, jaune, bleu
0%

Distribution des résultats

Percentile par nombre de réponses

% des personnes avec chaque résultat

Votre développement - résultats

Vous n’avez pas pris ce quiz